000 00567nam a2200181 4500
001 112918
003 ES-MaACL
005 20230906185710.0
007 t|
008 061121s1972 sp r ||||1| spa d
100 1 _aMuschg, Walter.
_984673
245 1 3 _aLa literatura expresionista alemana
_b: de Trakl a Brecht /
_cWalter Muschg ; [traducido por Michael Faber Kaiser].
250 _a[1ยช ed.].
260 _aBarcelona :
_bSeix Barral,
_c1972.
300 _a360 p. ;
_c20 cm.
700 0 _aFaber-Kaiser, Michael.
_948510
852 _aES-MaACL
_jC-43817
_bR.83384
999 _c112918
_d112918